000 00389nam a22001577a 4500
003 OSt
020 _a01956866853
040 _c0
_d0
082 _222
_a658.46
100 _aOmahoney, Joe and Markham, Calvert.
245 _aManagement consultancy /
250 _a2nd ed.
260 _aNew Delhi,
_bOxford University,
_cc2013.
300 _axiii, 391 p. ;
_bill. ;
_c24 cm.
942 _2ddc
_cMAG
999 _c5058
_d5058